Statistics for 42-長崎県の市町村クイズ

Click here to take the quiz!

General Stats

  • This quiz has been taken 445 times
    (304 since last reset)
  • The average score is 13 of 21

Answers on the Map

Answers color-coded by a green-red scale on the quiz's map according to % correct below.
 

Answer Stats

Answer% Correct
対馬つしま
84%
壱岐いき
81%
諫早いさはや
73%
五島ごとう
73%
佐世保させぼ
72%
長崎ながさき
72%
平戸ひらど
71%
大村おおむら
69%
新上五島しんかみごとうちょう
69%
西海さいかい
66%
島原しまばら
66%
南島原みなみしまばら
66%
雲仙うんぜん
60%
小値賀おぢかちょう
60%
松浦まつうら
59%
佐々さざちょう
58%
時津とぎつちょう
54%
長与ながよちょう
53%
波佐見はさみちょう
49%
東彼杵ひがしそのぎちょう
49%
川棚かわたなちょう
44%

Score Distribution

Percentile by Number Answered

Percent of People with Each Score

Your Score History

You have not taken this quiz since the last reset